Six Oxford thinkers : Edward Gibbon. John Henry Newman. R.W. Church. James Anthony Froude. Walter Pater. Lord Morley of Blackburn.

Bibliographic Details
Main Author: Cecil, Algernon, 1879-1953
Format: Book
Language:English
Published: London : J. Murray, 1909.
Subjects:

MARC

Tag First Indicator Second Indicator Subfields
LEADER 00000cam a2200000 4500
001 in00000038082
005 20211225063323.0
008 730907s1909 eng u
010 |a  09022567  
035 |a (OCoLC)00686632 
035 |9 AAF5425AM 
040 |c CSU  |d TXA  |d UtOrBLW 
049 |a TXAM  |c [283792] 
050 0 0 |a DA562  |b .C5 
092 |a 283.42  |b C388s 
100 1 |a Cecil, Algernon,  |d 1879-1953. 
245 1 0 |a Six Oxford thinkers :  |b Edward Gibbon. John Henry Newman. R.W. Church. James Anthony Froude. Walter Pater. Lord Morley of Blackburn. 
264 1 |a London :  |b J. Murray,  |c 1909. 
300 |a x pages, 1 ., 301 pages ;  |c 23cm. 
336 |a text  |b txt  |2 rdacontent 
337 |a unmediated  |b n  |2 rdamedia 
338 |a volume  |b nc  |2 rdacarrier 
500 |a "Parts of the following essays on Church, Froude, and Lord Morley...originally appeared in the Monthly review."-Pref. 
504 |a "Authorities" at end of each chapter. 
600 1 0 |a Gibbon, Edward,  |d 1737-1794. 
600 1 0 |a Newman, John Henry,  |c Saint,  |d 1801-1890. 
600 1 0 |a Church, R. W.  |q (Richard William),  |d 1815-1890. 
600 1 0 |a Froude, James Anthony,  |d 1818-1894. 
600 1 0 |a Pater, Walter,  |d 1839-1894. 
600 1 0 |a Morley, John,  |d 1838-1923. 
650 0 |a Oxford movement. 
999 |a MARS 
999 f f |s 26fc96ce-a180-3c14-a593-dcc5e63852dc  |i 59fc2a1d-4fe3-3fa2-88e6-9dc2f679b297  |t 0 
952 f f |p ric  |a Texas A&M University  |b Rellis Campus  |c Joint Library Facility  |d Remote Storage  |t 0  |e DA562 .C5  |h Library of Congress classification  |i unmediated -- volume  |m A14800623708 
998 f f |a DA562 .C5  |t 0  |l Remote Storage